| 000 | 00671nam a2200205 i 4500 | ||
|---|---|---|---|
| 001 | 94761 | ||
| 003 | ES-MaACL | ||
| 005 | 20241210140216.0 | ||
| 007 | t| | ||
| 008 | 050513s1971 sp ||||1| spa d | ||
| 100 | 1 |
_aLuca de Tena, Juan Ignacio, _d1897-1975 _974513 |
|
| 245 | 1 | 0 |
_aMis amigos muertos / _cJuan Ignacio Luca de Tena ; prólogo de José María Pemán. |
| 250 | _a[1ª ed.]. | ||
| 260 |
_aBarcelona : _bPlaneta, _c1971. |
||
| 300 |
_a338 p. con 16 lám. ; _c25 cm. |
||
| 650 | 0 | 4 |
_aEspañoles- _yS.XX- _xBiografías. _912480 |
| 700 | 1 |
_aPemán, José María, _d1897-1981 _990130 |
|
| 852 |
_aES-MaACL _jC-40959 _bR.80141 |
||
| 999 |
_c94761 _d94761 |
||